000 00421nam a2200181Ia 4500
001 16362
005 20260306170304.0
008 260306t2018||||xx |||||||||||||| ||und||
041 _aESP
082 _a348.54
_bL89
100 _aLorenzetti, Ricardo Luis,
_eAUT
245 0 _aDerecho ambiental
260 _c2018
300 _a453 páginas :
_c24 cm.
650 _aGEN
654 _aCDE
942 _cLIB
_dJUS
_fJUS
_2ddc
_n
999 _c16362
_d16362